000 00330 a2200169 4500
001 168756
020 _a978-85-02-09367-6
040 _cMagnum
100 _aLembo, Antonio
240 1 0 _aQuímica 2
_lpor
245 1 0 _aQuímica 2
300 _a320
362 0 _a2010
440 1 _aAtual
697 _aQUÍMICA
942 _cBK
999 _c168756
_d168756